Score 0/15 Timer 06:00
0 Plays Today
Question Answer Wrong Answers
Abraham Lincoln Abraham Lincoln
91.2%
George Washington
4.8%
Thomas Jefferson
2.7%
Theodore Roosevelt
1.2%
Neil Armstrong Neil Armstrong
90.4%
John Glenn
3.2%
Alan Shepard
1.7%
Ken Mattingly
0.6%
George Lucas George Lucas
87.4%
Steven Spielberg
7.1%
Ron Howard
1.3%
Clint Eastwood
1.5%
Michael Phelps Michael Phelps
85.9%
Mark Spitz
2.8%
Carl Lewis
1.2%
Usain Bolt
6.3%
Tom Brady Tom Brady
84%
John Elway
5.6%
Jim Kelly
2.2%
Dan Marino
4.9%
Dolly Parton Dolly Parton
78.3%
Madonna
6.9%
Cher
4.3%
Aretha Franklin
6.7%
Bill Gates Bill Gates
77.9%
Steve Jobs
13.4%
Mark Zuckerberg
4.5%
Steve Wozniak
2.5%
Aaron Spelling Aaron Spelling
77%
Norman Lear
4.7%
Dick Wolf
6.7%
Chuck Lorre
7.8%
Grover Cleveland Grover Cleveland
73.7%
Rutherford Hayes
7.5%
Samuel Tilden
1%
Ulysses Grant
13.4%
Susan B. Anthony Susan B. Anthony
71.9%
Amelia Earhart
3.9%
Sacagawea
15.1%
Harriet Tubman
6.6%
Serena Williams Serena Williams
70.5%
Venus Williams
13.6%
Chris Evert
3%
Billie Jean King
7.9%
Ray Bradbury Ray Bradbury
69.8%
Isaac Asimov
16%
Robert Heinlein
5.7%
Ursula K. Le Guin
3.5%
Tommy Tutone Tommy Tutone
66.9%
Phil Collins
7.8%
Rick Astley
10.3%
Freddie Mercury
10.6%
Roger Maris Roger Maris
48.2%
Babe Ruth
28.3%
Mickey Mantle
9.2%
Joe DiMaggio
13.2%
Ernest Lawrence Ernest Lawrence
14.3%
Glenn Seaborg
9.9%
Albert Einstein
62.6%
Robert Livermore
8.4%
Remove Ads.
Support Sporcle.
Get the best of Sporcle when you Go Orange. This ad-free experience offers more features, more stats, and more fun while also helping to support Sporcle. Thank you for becoming a member.

You're not logged in!

Compare scores with friends on all Sporcle quizzes.
OR
Log In

Show Comments

Extras

Top Quizzes Today


Score Distribution

Your Account Isn't Verified!

In order to create a playlist on Sporcle, you need to verify the email address you used during registration. Go to your Sporcle Settings to finish the process.

Report this User

Report this user for behavior that violates our Community Guidelines.

Details: